000 00724nam a22002175i 4500
001 176487
003 ES-MaACL
005 20230906220111.0
008 110119s2010 ua |||| | spa d
020 _a978-977-414-035-8
080 _a821.411.21
100 1 _aDimshawy, Ali Al-
_9144798
245 1 3 _aEl libro del perdón /
_cAli Al-Dimshawy ; [traducción del árabe por: Ahmad Yamani ; revisión: Mª Julia Rubio Roldán].
260 _aEl Cairo :
_bAl-Ahmady,
_c2010.
300 _a112, 112 p. ;
_c21 cm.
546 _aTexto en español y en árabe.
700 1 _aYamani, Ahmad,
_d1970-
_9144799
700 1 _aRubio Roldán, Mª Julia.
_9144800
852 _aES-MaACL
_jE-14089
999 _c176487
_d176487